|
|
|
|
| LEADER |
00839nam a2200277 4500 |
| 001 |
DLU090071137 |
| 005 |
##20090526 |
| 040 |
# |
# |
|a DLU
|b vie
|
| 041 |
# |
# |
|a vie
|
| 044 |
# |
# |
|a vn
|
| 100 |
# |
# |
|a Nguyễn Thị Nga,
|c ThS.
|
| 245 |
# |
# |
|a Cải cách thủ tục hành chính về giao đất, cho thuê đất - Nội dung mới trong luật đất đai năm 2003 /
|c Nguyễn Thị Nga.
|
| 653 |
# |
# |
|a Cải cách
|
| 653 |
# |
# |
|a Hành chính
|
| 653 |
# |
# |
|a Luật đất đai
|
| 653 |
# |
# |
|a Quản lý
|
| 773 |
# |
# |
|t Luật học
|g Số 2, 2005, tr. 24-28
|
| 920 |
# |
# |
|a Phòng Tạp chí -- Trung tâm Thông tin - Thư viện Trường Đại học Đà Lạt
|
| 994 |
# |
# |
|a DLU
|
| 900 |
# |
# |
|a True
|
| 911 |
# |
# |
|a Nguyễn Thị Mai Anh
|
| 925 |
# |
# |
|a G
|
| 926 |
# |
# |
|a A
|
| 927 |
# |
# |
|a BB
|
| 980 |
# |
# |
|a Thư viện Trường Đại học Đà Lạt
|